000 00535nam a22001817a 4500
005 20251108163341.0
008 250721s1994 xx 000 0 ara d
082 1 4 _a214.2/طبر
100 1 _aالطبري، أبو جعفر
245 1 0 _aقصص الأنبياء /
264 1 _aالقاهرة :
_bدار المصرية اللبنانية،
_c1994.
300 _a403ص
650 1 7 _aأصول الدين الإسلامي
650 1 7 _aالنبوة
700 1 _aبدران، جمال
_eتحقيق
942 _2ddc
_cBK
999 _c484
_d484